[Event "Quebec-ch Intercoll"]
[Site "Montreal"]
[Date "1992.04.18"]
[Round "4"]
[White "Abreu Cordero, Jose Leonardo"]
[Black "Lacombe, Stephane"]
[Result "1-0"]
[WhiteElo "1979"]
[BlackElo "1842"]
[PlyCount "64"]
[EventDate "1992.04.17"]
[EventType "swiss"]
[EventRounds "6"]
[EventCountry "CAN"]
[SourceTitle "EXT 2022"]
[Source "ChessBase"]
[SourceDate "2021.10.06"]
[SourceVersion "1"]
[SourceVersionDate "2021.10.06"]
[SourceQuality "1"]

1. e4 e6 2. d4 d5 3. Nd2 Nf6 4. e5 Nfd7 5. Ngf3 c5 6. c3 b6 7. Be2 Ba6 8. 0-0 Bxe2 9. Qxe2 Nc6 10. a3 Be7 11. Rd1 0-0 12. Nf1 c4 13. h3 Na5 14. N3h2 Nb3 15. Rb1 Bg5 16. Be3 Bxe3 17. Qxe3 b5 18. f4 a5 19. Nd2 Nxd2 20. Rxd2 Qe7 21. g4 b4 22. axb4 axb4 23. f5 bxc3 24. bxc3 Rfb8 25. Rf1 Rb6 26. f6 Qa3 27. Rc2 Rb2 28. Rxb2 Qxb2 29. Qg5 Kf8 30. fxg7+ Kg8 31. Qe7 Nxe5 32. dxe5 Qb8 1-0